000 01075cam a2200385 4500
001 ABS64642
008 011022n2001 000 0 eng u
035 _a(Sirsi) u115245
245 _aFocus 2001: M25 North East
260 _c2001
490 _aEstates Gazette
_v(0141) 13 October 2001, 111-133(11)
590 _aABS
650 _aM25 CORRIDOR
650 _aPRIME RENTS
650 _aPROPERTY-COMMERCIAL PROPERTY-OFFICE PROPERTY-OFFICE PROPERTY MARKET
650 _aOFFICE DEVELOPMENT
650 _aINDUSTRIAL DEVELOPMENT
650 _aRESIDENTIAL MARKET
650 _aLEISURE MARKET
650 _aPROPERTY-COMMERCIAL PROPERTY-RETAIL PROPERTY-RETAIL PROPERTY MARKET
650 _aINDUSTRIAL MARKET
650 _aLAKESIDE
650 _aROMFORD
650 _aILFORD
650 _aBRENTWOOD
650 _aTHURROCK
650 _aESSEX
650 _aWALTHAM CROSS
650 _aENFIELD
650 _aCHIGWELL
650 _aHARLOW
650 _aCHESHUNT
690 _aPROPERTY-COMMERCIAL PROPERTY-COMMERCIAL PROPERTY MARKET
942 _n0
999 _c68631
_d68631